Statystyki dla W jakiej Reprezentacji Gra Ten Piłkarz #4

Kliknij tutaj aby rozwiązać quiz!

Ogólne statystyki

  • Ten quiz został rozwiązany 46 razy
  • Średni wynik to 12 z 22

Statystyki odpowiedzi

NazwiskoReprezentacja% Poprawnych
NdidiNigeria
88%
Joakim MæhleDania
86%
Jens Stryger-LarsenDania
77%
Elseid HysajAlbania
74%
Jonathan DavidKanada
72%
Edouard MendySenegal
72%
Yusuf YaziciTurcja
72%
Rolland SallaiWęgry
70%
Mathew RyanAustralia
67%
Matvey SafonovRosja
60%
Viktor ClaessonSzwecja
58%
Munir El HaddadiMaroko
56%
Maxwel CornetWKS
53%
Mehdi TaremiIran
51%
Kyle LaffertyIrlandia Północna
51%
Moussa MaregaMali
49%
MasopustCzechy
37%
ElkesonChiny
33%
Gonzalo PlataEkwador
33%
Gianluca LapadulaPeru
33%
Luka IvanusecChorwacja
30%
Alfons SampstedIslandia
19%

Rozkład punktacji

Percentyl według liczby udzielonych odpowiedzi

Procent ludzi z każdym wynikiem

Twoja historia wyników

Nie rozwiązałeś tego quizu